000 00395nam a22001697a 4500
005 20160530144940.0
008 160530b xxu||||| |||| 00| 0 eng d
020 _a81-7929-103-0
041 _aeng
082 _b6130
100 _aRowson, Paulina
_91425
245 _aSelling Effectively
260 _aNew Delhi
_bInfinity books,
300 _a111
650 _aManagement
_9241
942 _cBK
999 _c2184
_d2183